| 000 | 00657nam a2200217 i 4500 | ||
|---|---|---|---|
| 001 | bg | ||
| 100 | 1 |
_aMARSZAŁEK, Tadeusz _d(1923- ) |
|
| 245 | 1 | 0 |
_aO dziedzictwie leśnym Polski i świata / _cTadeusz Marszałek. |
| 260 |
_aWarszawa : _bWydaw. SGGW [Szkoły Głównej Gospodarstwa Wiejskiego], _c1997. |
||
| 300 |
_a162 s., [20] s. tabl. kolor. : _bfot., mapy, wykr. ; _c24 cm. |
||
| 504 | _aBibliogr. s. 161-162. | ||
| 650 | 9 |
_aLas _xochrona |
|
| 650 | 9 |
_aLeśnictwo _xgospodarka |
|
| 020 | _a8300030727 | ||
| 040 | _cBPK | ||
| 041 | 0 | _apl | |
| 080 | _a630 | ||
| 920 | _a83-00-03072-7 | ||
| 942 | _cKS | ||
| 008 | s pl f |000 0 pol | ||
| 999 |
_c33813 _d33813 |
||
| 856 |
_uhttp://koha.tu.koszalin.pl/cgi-bin/koha/opac-detail.pl?biblionumber=33813 _yKatalog online BPK |
||